| 000 | 00546nam a2200229Ia 4500 | ||
|---|---|---|---|
| 008 | 210210b1922 xxu||||| |||| 00| 0 eng d | ||
| 041 | _aeng | ||
| 082 | _a335/284 | ||
| 100 | _aSAMMADDAR (J N) | ||
| 245 | _aLectures on the economic conditions of ancient India | ||
| 260 |
_aCalcutta _bUniversity of Calcutta _c1922 |
||
| 650 | _athe | ||
| 650 | _aon | ||
| 650 | _aof | ||
| 650 | _aLectures | ||
| 650 | _aIndia | ||
| 650 | _aeconomic | ||
| 650 | _aconditions | ||
| 650 | _aancient | ||
| 690 | _aIndian Economics | ||
| 906 | _a004627 | ||
| 999 |
_c126874 _d126874 |
||